000 00283nam a22001337a 4500
008 170821b xxu||||| |||| 00| 0 eng d
020 _a97819348000003
041 _aeng
080 _a51
100 _a37
101 _aMAT
245 _aBRIDGE TO ALGEBRA
_cBRI
942 _2udc
_cBK
999 _c24336
_d24336